000 00287nam a22001337a 4500
008 260416b ||||| |||| 00| 0 eng d
020 _a9788776887247
041 _aeng
080 _a1.1
100 _a23
101 _aFilozofi
245 _aDijanetika
_cL.Ron Habard
942 _2udc
_cBK
999 _c60978
_d60978